| 000 | 00480cam a2200181ua 4500 | ||
|---|---|---|---|
| 020 | _c40.00 | ||
| 041 |
_aeng _h |
||
| 082 |
_a828.09 _bMAR/BY |
||
| 100 | _aMarshall, Willam H . | ||
| 245 |
_aByron, Shelly, Hunt and the liberal / _cWilliam H Marshall. _hTextual Documents |
||
| 250 |
_a1 / _b. |
||
| 260 |
_aPhiladephia : _bUniversity of Pennsylvania Press Ltd , _c1960. |
||
| 300 | _a269 ; . | ||
| 365 | _a40.00 | ||
| 504 | _a | ||
| 942 | _cBK | ||
| 999 |
_c5306 _d5306 |
||